Kniha pre každého sociológa

Bibliographic Details
Main Author: Demčák, Mikuláš (Author)
Format: Article
Language:Slovak

MARC

LEADER 00000nab a2200000ua 4500
001 vtls010760428
003 SK-MaSNL
005 20260304202340.0
008 250718s1981 xo |||||||||||||||||slo|
035 |a (urnnbn)urn:nbn:sk:snk:ar-a01wqw 
035 |a (uuid)1241010f-c095-4c5b-9f2e-6da1539a08e3 
035 |a urn:nbn:sk:snk-ab4gzo 
040 |a SNKBUCL  |b slo  |c SNKBUCL  |e AACR2 
041 0 |a slo 
044 |a xo  |c SK 
100 1 |a Demčák, Mikuláš  |4 aut  |9 465729 
245 1 0 |a Kniha pre každého sociológa  |c Mikuláš Demčák 
773 0 |t Sociológia : časopis Sociologického ústavu Slovenskej akadémie vied  |g Roč. 13, č. 6 (1981), s. 689-692 
850 |a Slovenská národná knižnica 
852 |a Slovenská národná knižnica 
954 |a odborná, vedecká literatúra pôvodná (slovenská)  |2 lita 
958 |a article3 
958 |a OND 
958 |a EUIPO 
999 |c 3102501  |d 3104431